000 005230000a22001810004500
003 MACL
005 20160309125056.0
008 160309b xxu||||| |||| 00| 0 eng d
040 _aMACL
_cMACL
041 _aHindi
082 _a891.433
100 _aडॉ मिर्जा हादी रूसवा
_944034
245 _aलखनउ की नगरवधु
260 _bशारदा प्रकाशन
_aदिल्‍ली
350 _a13
650 _aNovel
_944035
942 _cHIN
_k891.433
_2ddc
999 _c27087
_d27087